000
00367nam a2200157 a 4500
005
20140513081058.0
008
100907s19uu xx 00 eng d
050
_a
VCD
_b
Be554 2004
245
_a
Best manners/.
260
_b
Viva Video,
_c
2004.
440
_a
Barney
650
_a
Sharing.
650
_a
Taking turns.
650
_a
table manners.
999
_c
116634
_d
116634